Billions of drops in millions of buckets : why philanthropy doesn't advance social progress (E-Book) (Record no. 193203)

000 -LEADER
fixed length control field 01193 a2200241 4500
003 - CONTROL NUMBER IDENTIFIER
control field Nust
005 - DATE AND TIME OF LATEST TRANSACTION
control field 20170207154053.0
010 ## - LIBRARY OF CONGRESS CONTROL NUMBER
LC control number 2008055228
020 ## - INTERNATIONAL STANDARD BOOK NUMBER
International Standard Book Number 0470454679 (cloth : acid-free paper)
020 ## - INTERNATIONAL STANDARD BOOK NUMBER
International Standard Book Number 9780470454671 (cloth : acid-free paper)
035 ## - SYSTEM CONTROL NUMBER
System control number (OCoLC)ocn276334336
040 ## - CATALOGING SOURCE
Transcribing agency Nust
082 00 - DEWEY DECIMAL CLASSIFICATION NUMBER
Classification number 658.15224
100 1# - MAIN ENTRY--PERSONAL NAME
Personal name Steven H. Goldberg.
245 10 - TITLE STATEMENT
Title Billions of drops in millions of buckets : why philanthropy doesn't advance social progress (E-Book)
Statement of responsibility, etc. Steven H. Goldberg.
260 ## - PUBLICATION, DISTRIBUTION, ETC.
Place of publication, distribution, etc. Hoboken, N.J. :
Name of publisher, distributor, etc. John Wiley & Sons,
Date of publication, distribution, etc. c2009.
300 ## - PHYSICAL DESCRIPTION
Extent xxxi, 302 p. :
Other physical details ill. ;
Dimensions 24 cm.
505 0# - FORMATTED CONTENTS NOTE
Formatted contents note Prelude: "The great recession" -- Preface -- The disheartening problem of "scale" -- The American underclass -- Fragmentation -- Intermediation -- Growth capital -- A performance-based funding market -- Prediction markets -- The Impact Index -- Crossing the fundraising chasm.
650 #0 - SUBJECT ADDED ENTRY--TOPICAL TERM
Topical term or geographic name entry element Endowments
Geographic subdivision United States
General subdivision Economic aspects.
650 #0 - SUBJECT ADDED ENTRY--TOPICAL TERM
Topical term or geographic name entry element Endowments
Geographic subdivision United States
General subdivision Management.
650 #0 - SUBJECT ADDED ENTRY--TOPICAL TERM
Topical term or geographic name entry element Nonprofit organizations
Geographic subdivision United States
General subdivision Management.
651 ## - SUBJECT ADDED ENTRY--GEOGRAPHIC NAME
Geographic name Billions of drops in millions of buckets : why philanthropy doesn't advance social progress (E-Book)
942 ## - ADDED ENTRY ELEMENTS (KOHA)
Source of classification or shelving scheme
Koha item type Book
Holdings
Withdrawn status Lost status Source of classification or shelving scheme Damaged status Not for loan Collection code Permanent Location Current Location Date acquired Total Checkouts Full call number Barcode Date last seen Price effective from Koha item type
            Military College of Signals (MCS) Military College of Signals (MCS) 12/12/2016   658.15224 GOL MCSEB-2898 12/08/2016 12/12/2016 Book
© 2023 Central Library, National University of Sciences and Technology. All Rights Reserved.